|
|
|
|
| LEADER |
00000nam0a2200000 4500 |
| 001 |
377182 |
| 005 |
20231102012905.0 |
| 035 |
|
|
|a (RuTPU)RU\TPU\retro\34628
|
| 090 |
|
|
|a 377182
|
| 100 |
|
|
|a 20230210d1905 km y0rusy50 ca
|
| 101 |
0 |
|
|a rus
|
| 102 |
|
|
|a UA
|
| 105 |
|
|
|a af z 000zy
|
| 200 |
1 |
|
|a О бурении шпуров
|f В. А. Гуськов
|g Екатеринославское высшее горное училище
|
| 210 |
|
|
|a Екатеринослав
|c Типография Губернского Земства
|d 1905
|
| 215 |
|
|
|a 930 с., 6 л. черт.
|
| 300 |
|
|
|a Текст в русской дореформенной орфографии
|
| 606 |
1 |
|
|a Бурение шпуров
|x Автоматизация
|2 stltpush
|3 (RuTPU)RU\TPU\subj\30407
|9 53519
|
| 610 |
1 |
|
|a буры
|
| 610 |
1 |
|
|a ударное бурение
|
| 610 |
1 |
|
|a породы
|
| 610 |
1 |
|
|a ручное бурение
|
| 610 |
1 |
|
|a испытания
|
| 610 |
1 |
|
|a горное дело
|
| 675 |
|
|
|a 622.235.1
|v 4
|
| 700 |
|
1 |
|a Гуськов
|b В. А.
|
| 712 |
0 |
2 |
|a Екатеринославское высшее горное училище
|c (1899-1912)
|2 stltpush
|3 (RuTPU)RU\TPU\col\17465
|9 26633
|
| 801 |
|
1 |
|a RU
|b 63413507
|c 20230210
|
| 801 |
|
2 |
|a RU
|b 63413507
|c 20230213
|g RCR
|
| 942 |
|
|
|c BK
|